[Event "ESP-chT"]
[Site "Sanxenxo"]
[Date "2004.11.23"]
[Round "6"]
[White "Gurevich, Mikhail"]
[Black "Marin, Mihail"]
[Result "1-0"]
[WhiteElo "2644"]
[BlackElo "2511"]
[Annotator "Stohl,I"]
[PlyCount "81"]
[EventDate "2004.11.18"]
[EventType "team"]
[EventRounds "9"]
[EventCountry "ESP"]
[SourceTitle "CBM 105"]
[Source "ChessBase"]
[SourceDate "2005.04.11"]
[SourceVersion "1"]
[SourceVersionDate "2005.04.11"]
[SourceQuality "1"]

1. d4 Nf6 2. c4 c5 3. d5 e5 4. Nc3 d6 5. e4 Be7 6. Bd3 Nbd7 7. Bd2 $146 {
A slightly mysterious novelty. White indicates his interest in the <<, but
soon enough the B will land on h6 anyway.} ({The most usual move in this
concrete position is} 7. Nge2 Nf8 $5 (7... Nh5 $6 8. g4 Nhf6 9. Ng3 g6 10. Bh6
Bf8 11. Be3 $1 h5 12. g5 h4 13. Nge2 Nh5 14. Rg1 Be7 $6 (14... Bg7 $142 $14)
15. Qd2 a6 16. O-O-O O-O 17. Rg4 b5 18. Rxh4 bxc4 19. Bb1 Re8 20. Rxh5 $1 gxh5
21. Ng3 Nf8 22. h4 Bg4 $6 23. f3 Bc8 24. Nxh5 Ng6 25. Rh1 Ra7 26. Ng3 $18 {
->,Vallejo Pons,F-Graf,A/Benidorm/2003/}) 8. a3 (8. Ng3 $142 $14) 8... Ng6 9.
b4 b6 10. bxc5 bxc5 11. Rb1 O-O 12. O-O Nh5 13. Qa4 a6 14. Qc2 Bd7 15. Na4 Rb8
16. Rxb8 Qxb8 17. Bd2 Qc7 18. Rb1 Rb8 19. Rxb8+ Qxb8 20. Qb2 Qxb2 21. Nxb2 Nhf4
$15 {Rogozenko,D-Seirawan,Y/NED-chT Breda/2001/}) ({However, White has other
alternatives as well, most reasonable moves allow him to fight for an edge
with his ():} 7. Be3 Nf8 8. h3 Ng6 9. g3 Bd7 10. Qe2 h5 11. f4 h4 12. f5 Nf8
13. g4 N6h7 14. Nf3 Ng5 15. Nd2 a6 16. Kf1 g6 17. Kg2 Ngh7 18. Bf2 Bc8 19. a3
Nd7 20. b4 Kf8 21. Rhb1 Kg7 22. bxc5 Nxc5 23. Bc2 Nf8 24. Nf3 Nfd7 25. Na4 Nxa4
26. Bxa4 g5 27. Bxd7 Qxd7 28. a4 $16 {Onischuk,A-Miladinovic,I/Skopje op/2002/}
) ({White can also transpose into a different system with} 7. Nf3) ({or} 7. h3
{, preparing 0-0-0 in the process.}) 7... a6 {Perhaps this is not necessary,
as Black won't be able to get in the b5 advance anyway. However, maybe Marin
wanted to postpone castling and thus avoid the possible} (7... O-O 8. g4 $5 $13
) 8. a3 O-O 9. Nf3 {The g4-advance doesn't go well together with White's last
move, so Gurevich opts for solid development.} Nh5 10. O-O g6 (10... Nf4 11.
Bc2 $14 (11. Bxf4 exf4 12. Ne2 Bf6 $11)) 11. Bh6 Ng7 12. Qc2 Nf6 13. b4 b6 14.
bxc5 bxc5 15. Rab1 {More direct and better than} (15. h3 Nfh5 (15... Kh8 $14 {
[%cal Yf6g8] /\Ng8}) 16. Rab1 $5 (16. Ne2 f5 $132) 16... f5 $13 (16... Nf4 17.
Bxf4 exf4 18. Ne2 f5 19. Rfe1 $14)) 15... Ng4 16. Bxg7 {White doesn't want to
lose a tempo and exchanges his important B, but more natural was} (16. Bd2 $142
f5 17. Na4 $14 (17. Rb2 $5 $36)) 16... Kxg7 17. Na4 Qa5 18. Rb2 (18. Nb6 Rb8
19. Nxc8 Rfxc8 20. Rb3 Rxb3 21. Qxb3 Nf6 22. Qb7 (22. Rb1 Nd7 {[%cal Yc8b8] /
\Rb8=}) 22... Rc7 $11) 18... Nf6 (18... Ra7 $2 19. Nb6 $16 {[%csl Ra5] ףa5})
19. Nb6 Rb8 20. Rfb1 Nd7 21. Qd2 (21. Nxd7 Rxb2 22. Rxb2 Bxd7 23. Rb7 Qd8 $11)
(21. Nxc8 $5 Rfxc8 22. Rb7 Rd8 (22... Qd8 23. Qa4 $36) 23. a4 $11 {/+/=}) 21...
Qxa3 $2 {Black's position was solid enough even without this Q-sacrifice.} (
21... Qxd2 $142 22. Nxd2 Nxb6 23. Rxb6 Rxb6 24. Rxb6 Rd8 25. Nb3 (25. Bc2 Rd7
26. Ba4 Rb7 27. Rxa6 Rb2 28. Ra8 Rxd2 29. Rxc8 Ra2 $11) 25... Rd7 26. Rb8 (26.
Na5 Bd8 27. Rb8 Bxa5 28. Rxc8 Rb7 $11) 26... Rb7 $11) 22. Rb3 Qxb3 23. Rxb3
Rxb6 24. Rxb6 Nxb6 25. Qb2 Bd8 26. Nd2 $14 Bd7 27. Qa2 a5 ({Marin doesn't
relish the passive} 27... Bc8 $5 28. Nb3 $14) 28. Qxa5 $5 {Otherwise Black's
fortress holds, as e.g. White can't play} (28. Nb3 a4 29. Na5 $2 Nxd5 $17)
28... Nxc4 {Black chooses the active alternative, but the less ambitious} (
28... Nxd5 $142 $5 29. Qa7 Nf6 $14 {/+/- deserved attention.}) 29. Qa7 Nxd2 30.
Qxd7 c4 31. Bc2 Bf6 32. Qb7 $1 {Black proabbly overlooked this move. White
keeps the R out of the fray, now the o^c4 is doomed in the long run.} (32. Qxd6
$6 Ra8 33. f4 Ra1+ 34. Kf2 Ra2 {[%cal Rd2e4,Ra2c2] /\Ne4,Rc2} 35. Qc7 Rxc2 36.
fxe5 Nb3+ $11 {allows Black to activate his R and gives him a draw at least.})
32... Rd8 33. Kh1 h5 34. g3 Nf3 35. Bd1 (35. Qa6 {also nets the ><c4.}) 35...
Nd4 36. Kg2 h4 (36... c3 37. Qc7 c2 (37... Nb5 38. Qc6 Rb8 39. Ba4) 38. Bxc2
Nxc2 39. Qxc2 h4 $16 {was more resilient, although even here White has
excellent winning chances.}) 37. Qc7 Ra8 38. Qxc4 hxg3 39. hxg3 Bd8 $2 (39...
Ra1 40. Bg4 $16 {will force the R to return anyway.} (40. Ba4 $5)) (39... Be7
$16) 40. Qb4 Be7 $6 {This loses on the spot.} (40... Ra6 $8 41. Qb7 (41. Qb8
Ba5 42. Ba4 Be1 43. Be8 Ra2 44. Qxd6 Rxf2+ 45. Kh3 Nf3 $132) 41... Rb6 42. Qd7
Bg5 43. Bg4 {[%cal Rg4e6] /\Be6+-}) 41. Qb7 (41. Qb7 Ra1 (41... Re8 42. Ba4 $18
) 42. Qxe7 Rxd1 43. Qxd6 $18) 1-0

[Event "UKR-ch 73rd"]
[Site "Kharkov"]
[Date "2004.08.25"]
[Round "1.2"]
[White "Shishkin, Vadim"]
[Black "Eingorn, Vereslav S"]
[Result "1/2-1/2"]
[WhiteElo "2463"]
[BlackElo "2596"]
[Annotator "Stohl,I"]
[PlyCount "97"]
[EventDate "2004.08.03"]
[EventType "k.o."]
[EventRounds "5"]
[EventCountry "UKR"]
[SourceTitle "CBM 103"]
[Source "ChessBase"]
[SourceDate "2004.11.11"]
[SourceVersion "1"]
[SourceVersionDate "2004.11.11"]
[SourceQuality "1"]

1. d4 Nf6 2. c4 c5 3. d5 e5 4. Nc3 d6 5. e4 Nbd7 6. Bd3 Be7 7. Nge2 (7. Nf3 $14
{, followed by h3 and possibly g4 is considered more promising.}) 7... a6 8. a4
{Rather committal, as White might well do without this move.} (8. h3 $5 h5 9.
Be3 h4 10. Qd2 Rb8 11. a4 Nh5 12. g4 hxg3 13. fxg3 Nf8 14. Nd1 b6 15. Nf2 Nf6
16. Nc3 Ng6 17. Be2 Bd7 18. Qd1 Qc8 19. h4 Nf8 20. Kd2 g6 21. g4 Bd8 22. Qg1
$16 {(),Kaidanov,G-Hoffmann,A/New York/1992/}) 8... b6 (8... a5 9. Bd2 h5 10.
Qc2 Nf8 11. O-O-O Ng4 12. Rdf1 Bg5 13. Nb5 Bxd2+ 14. Qxd2 Ng6 15. g3 Qe7 16. f4
Kd8 17. Nec3 Bd7 18. h3 Nf6 19. f5 Nf8 20. g4 Bxb5 21. Nxb5 hxg4 22. hxg4 Rxh1
23. Rxh1 Ne8 24. Rh8 $36 {(),Hoi,C-Heim,S/Reykjavik/1981/}) (8... h5 9. a5 $1
g6 10. O-O Kf8 11. Bd2 Kg7 12. Na4 h4 13. b4 Nh5 14. bxc5 dxc5 15. Bc3 Bd6 16.
Rb1 f6 17. Nb6 Nxb6 18. Rxb6 Bc7 19. f4 $1 $16 {->,Utasi,T-Pountzas,H/Nikea/
1985/}) (8... O-O 9. O-O Ne8 10. g3 g6 11. Bh6 Ng7 12. Qd2 Nf6 (12... b6 $142
$14) 13. f3 Kh8 14. a5 b6 15. axb6 Qxb6 16. Rfb1 Rb8 17. Na4 Qc7 18. b4 Bd7 19.
Be3 Rb7 20. bxc5 Rxb1+ 21. Bxb1 dxc5 22. Bc2 Rb8 23. Qc3 Nge8 24. Nb2 Bc8 25.
Nd3 $16 {[%csl Rc5,Re5] ><c5,e5,Kiseleva,N-Byklum,B/Amsterdam/2000/}) 9. h4 {
()>>} (9. O-O O-O 10. Ng3 {It was better to follow the above example
Kiseleva-Byklum, White plays without a plan and the initiative quickly passes
to Black.} g6 11. Qe2 $6 Ne8 12. Bh6 Ng7 13. Qd2 Kh8 14. Nce2 Rb8 15. Kh1 Nf6
16. h3 Ng8 17. Bxg7+ (17. Be3 f5 $13) 17... Kxg7 18. Nc3 Bg5 19. Qc2 Nf6 20.
Rfe1 h5 21. Nf1 h4 22. Nh2 Nh5 $36 {Manzi Bardao,L-Mercadante,R/Rio de Janeiro/
2000/}) 9... g6 (9... O-O 10. Ng3 $1 {[%cal Yg3f5] /\Nf5} g6 11. h5 $40) 10. f3
h5 $1 11. Be3 Ng8 12. g3 Bf8 $1 {[%mdl 32] In a position with a closed [+]
strategic considerations are often more important, than castling and
development. Black wants to exchange his bad B before undertaking any
premature activity.} 13. Bg5 (13. f4 Ngf6 $1 $13 {[%csl Rg4] /=/+,><g4}) 13...
Qc7 (13... f6 14. Be3 Bh6 {already enables White to consider} 15. f4 $5 {
() seriously, as now Black can't well profit from the ><g4.}) 14. Nc1 Bh6 15.
Bf1 f6 (15... Bxg5 $5 16. hxg5 $14 {[%cal Yf1h3] /\Bh3|^}) 16. Bd2 (16. Bxh6
Nxh6 17. Nd3 f5 $5 $132) 16... Nf8 (16... f5 17. Bg5 $5 $14) 17. Nd3 Bxd2+ 18.
Qxd2 Nh6 19. f4 {Just as on move 13, this gives Black g4 and a lot of <=>.
White's chances lie on the opposite flank:} (19. a5 $5 bxa5 20. Nd1 f5 $132 {
/+/=}) (19. b4 cxb4 $5 20. Nxb4 Nd7 $132) 19... Bg4 20. Bh3 ({Safer was} 20.
fxe5 $142 fxe5 (20... dxe5 21. a5 $1 $36) 21. Be2 $11) 20... Bxh3 21. Rxh3 Ng4
22. Rh1 Nd7 23. Kd1 O-O 24. Nf2 (24. f5 b5 $5 25. fxg6 (25. cxb5 gxf5 26. exf5
axb5 27. Nxb5 Qb7 $36) 25... bxc4 26. Nf2 $13) (24. Kc2 $5 $11) 24... Nxf2+ 25.
Qxf2 f5 $15 {Black's K is safer and he is better prepared for the [+] showdown.
However, his edge is only slight and rather volatile.} 26. Kc2 Rae8 (26... fxe4
$5 {/\} 27. Nxe4 b5 {[%csl Rc2] עc2}) (26... exf4 27. gxf4 $1 $13) 27. Rae1
Nf6 {Black decides to force the liquidation of the [+] tension, but White is
already prepared and can hold the position.} 28. exf5 (28. fxe5 $6 Nxe4 29.
Nxe4 (29. exd6 Qxd6 30. Qf4 Qd7 $15) 29... fxe4 30. Qg2 Rxe5 $36) 28... Ng4 (
28... gxf5 $143 29. fxe5 Rxe5 30. Rxe5 Ng4 $8 31. Qf4 Nxe5 32. b3 $11 {/+/=})
29. Qd2 Rxf5 30. b3 $1 {White has time to make this useful prophylactic move
and place his R on the [+]<->.} (30. fxe5 $5 Nxe5 31. b3 Ref8 $36) 30... Qd7
31. Rhf1 Kg7 (31... exf4 32. gxf4 $5 {gives White enough play, Black's N is
far from the ideal f5-square.} (32. Rxf4 Rxe1 33. Qxe1 Rxf4 34. gxf4 Qf5+ 35.
Qe4 Nh6 $1 $36) (32. Rxe8+ Qxe8 33. Rxf4 Ne3+ 34. Kb2 Rxf4 35. gxf4 Nf5 $15)
32... Rxe1 33. Rxe1 Qf7 34. Re4 Rf6 35. Ne2 $11) 32. Re4 $5 $11 Rff8 (32...
exf4 33. Rfxf4 $11) 33. Kb2 Nf6 34. Ree1 exf4 {Opening the position now leads
only to approximate equality, White's activity will compensate his vulnerable
>>.} 35. Rxf4 Rxe1 (35... Qh3 36. Rxf6 $1 Kxf6 37. Ne4+ Kg7 (37... Rxe4 38.
Rxe4 Qxg3 39. Qh6 $1 $44 {/\} Qg2+ 40. Ka3 Qxe4 41. Qxf8+ Ke5 42. Qe7+ Kf4 43.
Qxd6+ Qe5 44. Qxe5+ Kxe5 45. a5 $1 bxa5 46. Ka4 $16) 38. Qc3+ Kh6 39. Qd2+ $11)
36. Qxe1 Qe8 37. Ne4 $5 (37. Qd2 Qe5 $15) 37... Qe5+ (37... Nxe4 $6 38. Rxe4
$36) (37... b5 $5 $13) 38. Qc3 $8 (38. Ka2 $2 Re8 $19) 38... Nxe4 (38... Qxc3+
39. Kxc3 (39. Nxc3 Re8 $36 {[%cal Ge8e1] <->e}) 39... Nxe4+ 40. Rxe4 Rf3+ 41.
Kc2 Rxg3 42. Re7+ (42. Re6 g5 $1 $15) 42... Kh6 43. Re6 $13) 39. Qxe5+ dxe5 40.
Rxe4 Rf2+ 41. Kc3 Rf3+ 42. Kc2 Kf6 (42... Rxg3 $2 43. Rxe5 $16 {[%csl Gd5] o^d5
}) 43. g4 Rh3 (43... hxg4 44. Rxg4 Rh3 45. Kb2 (45. d6 Ke6 46. Rxg6+ Kd7 47.
Rh6 e4 $44) 45... Rd3 (45... Kf5 46. Rg5+ $11) 46. Kc2 $11) 44. d6 $1 (44. gxh5
gxh5 45. d6 Rg3 $1 $17) 44... Ke6 45. Rxe5+ $1 {White must have foreseen this
saving clause already around move 37, as otherwise the R_|_ would have been
difficult for him.} (45. gxh5 gxh5 46. Rxe5+ $1 {was also good, here Black
would have to take the R and force a perpetual.}) 45... Kxd6 (45... Kxe5 46. d7
Rh2+ 47. Kd3 Rh1 48. Ke2 Rh2+ $11) 46. Rd5+ Kc6 47. gxh5 Rxh4 $1 {This leads
to a dead draw.} (47... gxh5 $2 48. Rxh5 $14 {/=}) 48. hxg6 Rg4 49. Rh5 (49.
Rh5 Rxg6 $11) 1/2-1/2

[Event "Budapest FS10 GM"]
[Site "Budapest"]
[Date "1993.??.??"]
[Round "5"]
[White "Sadler, Matthew D"]
[Black "Urban, Julian"]
[Result "1-0"]
[WhiteElo "2535"]
[BlackElo "2340"]
[Annotator "Stohl,I"]
[PlyCount "53"]
[EventDate "1993.10.??"]
[EventType "tourn"]
[EventRounds "11"]
[EventCountry "HUN"]
[EventCategory "9"]
[SourceTitle "CBM 038"]
[Source "ChessBase"]
[SourceDate "1994.02.01"]
[SourceVersion "1"]
[SourceVersionDate "1994.02.01"]
[SourceQuality "1"]

1. d4 Nf6 2. c4 c5 3. d5 e5 4. Nc3 d6 5. e4 Nbd7 (5... Be7 6. Nge2 (6. h3 Nbd7
7. Nf3 h5 $5 8. Be3 Nf8 9. Qd2 Ng6 10. Bd3 h4 11. O-O-O a6 12. a4 Bd7 13. Kc2
Nh5 14. Ra1 Nhf4 15. Bf1 f5 16. Qd1 b5 (16... Rb8 $13) 17. cxb5 axb5 18. axb5
fxe4 19. Nd2 Bf5 20. g4 $1 $36 {Nikitin,A-Urban,J/Dortmund op-A/1993/}) 6...
O-O 7. Ng3 Ne8 8. h4 $1 a6 9. a4 b6 10. Bd3 Ra7 11. Qf3 h6 12. Nf5 Bxf5 13.
exf5 Nd7 14. Ne4 Nef6 15. Ra3 Nxe4 16. Bxe4 Nf6 17. Qe2 Rb7 18. Bc2 Nh7 19.
Rah3 b5 20. g4 $40 {Fyllingen,R-Jansa,V/Gausdal AC/1993/}) 6. Be2 (6. Nf3 Be7
7. Bd3 Nf8 8. O-O Ng6 9. a3 Bd7 10. Re1 a6 11. b4 b6 12. h3 h5 13. Be3 h4 14.
Rb1 Nh5 15. a4 a5 16. bxc5 bxc5 17. Qb3 Ngf4 18. Bf1 g5 19. Qb6 $14 {Agnos,
D-Manolov,I/Cannes op/1993/}) 6... Be7 7. g4 $5 $146 (7. Nf3 Nf8 8. O-O (8. h4
$5 h5 9. g3 Ng6 10. a3 O-O 11. Nh2 b5 12. cxb5 Qa5 13. Bd2 a6 14. bxa6 Bxa6 15.
O-O Rfb8 16. Bc1 Nf8 17. Re1 $16 {Vokac,M-Langner,L/Ostrava/1991/}) 8... Ng6 9.
Ne1 $1 Nf4 10. Bxf4 exf4 11. Nd3 g5 12. b4 cxb4 13. Qa4+ Kf8 14. Qxb4 Nd7 15.
Nb5 Qb6 16. e5 $1 Nxe5 17. Nxe5 a6 18. c5 dxc5 19. Qc3 Bf6 20. d6 $1 axb5 21.
Nd7+ Bxd7 22. Qxf6 {1-0/Farago,I-Goy,U/Berlin op/1988/}) 7... Nf8 (7... h6 $142
$13) 8. g5 Ng8 9. h4 $14 h6 (9... f6 10. Bg4 $1 fxg5 11. Bxc8 Rxc8 12. hxg5 $14
{<->h,()}) (9... Ng6 10. Bg4 $36 {/\Bf5!,Qg4,Nf3}) 10. Nf3 hxg5 (10... Bg4 11.
Rg1 Qc8 12. Be3 $14) 11. Nxg5 Bxg5 (11... Ng6 12. Bh5 $1 {/\Ne6} Bxg5 13. hxg5
(13. Bxg5 Nf6 14. Bxg6 fxg6 $13) 13... N8e7 14. Qf3 $36) 12. Bxg5 Qxg5 $2 (
12... Nf6 $142 13. h5 $14) 13. hxg5 Rxh1+ 14. Bf1 Bh3 15. Qa4+ $8 Ke7 16. Ke2
$1 $18 Ng6 (16... Bxf1+ 17. Rxf1 Rh5 18. Qb5 Rb8 19. Qa5 $18) 17. Bxh3 Nf4+ (
17... Rxa1 18. Qd7+ Kf8 19. Qxd6+ N8e7 20. Bf5 $18 {/\Bg6,Qc5}) 18. Kd2 Rxh3 (
18... Rxa1 19. Qd7+ Kf8 20. Qxd6+ Ne7 21. Bf5 $18) 19. Qb5 Rb8 20. Qa5 $1 Rd8
21. Qxa7 Rf3 22. Rf1 f6 (22... Rd7 23. Na4 f6 24. Nb6 Rc7 25. Qb8 $18) 23.
Qxb7+ Rd7 24. Qc8 Rd8 25. Qg4 Rd3+ 26. Kc2 Rd4 27. gxf6+ (27. gxf6+ Kxf6 28.
Rg1 g6 29. Qh4+ $18) 1-0

[Event "St Petersburg op"]
[Site "St Petersburg"]
[Date "1994.??.??"]
[Round "3"]
[White "Atalik, Suat"]
[Black "Starosek, Konstantin"]
[Result "1/2-1/2"]
[WhiteElo "2530"]
[BlackElo "2465"]
[Annotator "Stohl,I"]
[PlyCount "102"]
[EventDate "1994.02.??"]
[EventType "swiss"]
[EventRounds "9"]
[EventCountry "RUS"]
[SourceTitle "CBM 041"]
[Source "ChessBase"]
[SourceDate "1994.08.01"]
[SourceVersion "1"]
[SourceVersionDate "1994.08.01"]
[SourceQuality "1"]

1. d4 Nf6 2. c4 c5 3. d5 e5 4. Nc3 d6 5. e4 Be7 6. g3 O-O 7. Bg2 Ne8 8. Nge2 g6
(8... Bg5 $6 9. f4 exf4 10. gxf4 Bh4+ 11. Ng3 f5 12. O-O fxe4 13. Ncxe4 $36) (
8... Nd7 9. O-O Kh8 $5 10. Be3 g6 11. Qd2 Ng7 12. Bh6 $6 a6 13. a4 Nf6 14. Nc1
Ng8 15. Bxg7+ Kxg7 16. Nd3 f5 17. f4 exf4 18. Nxf4 Bg5 19. Rae1 Bd7 20. Bh3 Nh6
21. Re2 Nf7 22. exf5 gxf5 23. Qe1 Bxf4 24. gxf4 Qf6 $10 {Lacrosse,M-Jansa,V/
Ostend op/1993/}) 9. O-O (9. Bh6 $5 Ng7 10. Qd2 Nd7 11. O-O Nf6 (11... f5 12.
f4 Rf7 13. b3 a6 14. Bh3 Bf6 15. Rac1 (15. Rae1 $5) 15... Qe7 16. fxe5 Nxe5 17.
Bxg7 Bxg7 18. exf5 gxf5 19. Na4 f4 $5 20. Bxc8 Rxc8 21. Nxf4 Rcf8 22. Nc3 Qg5
23. Kh1 Ng6 24. Nce2 $14 {Lengyel,L-Cobo Arteaga,E/La Habana ol/1966/}) (11...
a6 12. f4 Kh8 13. Nc1 $5 Rb8 14. a4 exf4 15. Bxf4 g5 16. Be3 Ne5 17. b3 Ng4 18.
Nd3 Bf6 19. e5 $1 Nxe5 20. Nxe5 Bxe5 21. Bxg5 f6 22. Bf4 Bf5 23. Rae1 Qb6 24.
Bxe5 fxe5 25. Ne4 $36 {Bartels-Sage/Aalborg/1987/}) 12. h3 Kh8 13. Kh2 $5 Ng8
14. Be3 f5 15. f4 Bf6 16. fxe5 $5 Bxe5 17. Bf4 Bxf4 18. Nxf4 Nf6 19. Rae1 fxe4
20. Nxe4 Nxe4 21. Bxe4 Bf5 22. Bxf5 Rxf5 23. g4 Rf8 24. Qc3 Qf6 25. Qxf6 Rxf6
26. Ne2 $36 {פg7,Magerramov,E-Serebrjanik,A/Moscow op Russian Winter/1991/})
9... Ng7 10. Be3 (10. f4 exf4 11. gxf4 Nd7 12. b3 f5 13. Bb2 fxe4 14. Nxe4 Nf6
15. N2g3 Nxe4 16. Nxe4 Bf5 17. Qd2 Bxe4 18. Bxe4 Bf6 19. Bxf6 Qxf6 20. Rae1
Rae8 21. Rf2 Re7 $17 {Cruz Lopez,C-Manolov,I/Cannes op/1992/}) 10... Nd7 11.
Qd2 a6 12. Rab1 (12. f4 exf4 (12... f5 $5) 13. gxf4 f5 14. Ng3 fxe4 15. Ncxe4
Nf6 $132) 12... f5 13. f3 fxe4 $5 (13... b5 $2 14. cxb5 axb5 15. b4 $16) (13...
Rf7 14. a3 $14 {/\b4}) 14. fxe4 (14. Nxe4 Nf5 15. Bg5 $5 Nf6 $132) 14... Rxf1+
15. Rxf1 Nf6 16. h3 (16. Bg5 Ng4 $10) 16... h5 $5 17. a3 h4 18. gxh4 (18. g4
Nh7 19. b4 b6 20. Rb1 Bg5 $132) 18... Nh7 19. Bf2 (19. b4 b6) 19... Bxh4 20. b4
b6 21. Bxh4 (21. bxc5 Bxf2+ 22. Rxf2 bxc5 23. Qh6 Qg5 $10) 21... Qxh4 22. Qe1
Qxe1 (22... Qg5 23. Qg3 $10) 23. Rxe1 cxb4 $5 (23... Bd7 24. bxc5 bxc5 25. Rb1
$14) 24. axb4 Bd7 25. Ra1 Nh5 (25... Nf6 $10 {/\} 26. Nb5 Nge8) 26. Nb5 $5 Bxb5
$8 27. cxb5 a5 28. bxa5 bxa5 29. Nc3 N7f6 {/\Nd7=/+} 30. b6 Rb8 31. Rb1 Nd7 32.
Na4 $8 (32. b7 $2 Nc5) 32... Nhf6 33. Rb5 (33. b7 Kf7 $15 {/\Ke7-d8-c7}) (33.
Kf2 Nc5 $5 34. Nxc5 dxc5 $132) 33... Kf7 34. Bf3 (34. Kf2 $5) 34... Ke7 35. Kf2
(35. Rxa5 Nxb6 36. Rb5 Nbd7 $10) 35... g5 36. Ke3 {/\Bg4} Rh8 $5 37. Bg2 (37.
Bg4 $142 $5 Nxg4+ (37... Rh4 38. Bf5 $14) 38. hxg4 Rh3+ 39. Kd2 {/\} Ra3 40.
Nc3 Kd8 41. Rb1 $1 $36) 37... Rb8 38. Bf3 Rh8 39. Bg2 Rb8 40. Bf1 Rf8 $5 41.
Rxa5 Nxd5+ 42. exd5 (42. Rxd5 Rxf1 43. Rb5 Rh1 44. b7 Rxh3+ 45. Kd2 Rh8 $10)
42... Rxf1 43. Ra7 Rh1 44. Ke4 (44. b7 Rxh3+ {/\Rb3}) 44... Rxh3 45. Kf5 Rf3+
46. Kxg5 Rb3 47. Kf5 Rb4 48. b7 Nb8 {/\Kd7-c7} 49. Nc3 Rf4+ $5 (49... Kd7 50.
Ne4 Kc7 51. Ra1 Rxb7 52. Rc1+ Kd7 53. Rh1 $44) 50. Kg5 Rb4 51. Kf5 Rf4+ 1/2-1/2